Random Geography Trivia #2 - Statistics

General Stats
  • This quiz has been taken 80 times
  • The average score is 6 of 10
Answer Stats
Hint Answer % Correct
Which continent has the largest population in the world? Asia
97%
How many time zones does the United States have? 6
95%
What is the world’s largest island? Greenland
89%
Name the country that borders Lesotho. South Africa
89%
What is the name of China’s largest river? Yangtze River
77%
Name the 2 countries located within Italy’s borders. San Marino and Vatican City
67%
What is North America’s longest river? Missouri
42%
Where would you find Mount Everest, the world’s tallest mountain? China and Nepal
21%
What is the hottest recorded temperature on Earth? 134°F/56.7°C
0%
What capital city gets the least hours of sunlight per year? Tórshavn, Faroe Islands
0%
No matching quizzes found
Score Distribution
Percent of People with Each Score
Percentile by Number Answered
Your Score History
You have not taken this quiz